Joueur qui ont fait la une de fifa. - Statistiques

Statistiques générales
  • Ce quiz a été pris 378 fois
  • Le résultat moyen est 13 sur 15
Statistiques - réponses
Hint Réponse % Correct
FIFA 23 Mbappé
100%
FIFA 22 Mbappé
100%
FIFA 21 Mbappé
100%
FIFA 16 Messi
99%
FIFA 15 Messi
99%
FIFA 14 Messi
99%
FIFA 13 Messi
99%
FIFA 19 Ronaldo
99%
FIFA 18 Ronaldo
99%
FC 24 Haaland
87%
FC 25 Bellingham
84%
FIFA 17 Reus
75%
FIFA 20 Hazard
70%
FIFA 12 Benzema
58%
FIFA 11 Kaka
26%
Aucun quiz correspondant
Distribution des résultats
% des personnes avec chaque résultat
Percentile par nombre de réponses
Votre historique - résultats
Vous n’avez pas pris ce quiz